[Event "TUR-chT 2nd League"]
[Site "Denizli"]
[Date "2024.07.19"]
[Round "7.9"]
[White "Cekicoglu, Baris"]
[Black "Egeli, Sercan Veli"]
[Result "1-0"]
[WhiteElo "1843"]
[BlackElo "1772"]
[PlyCount "49"]
[EventDate "2024.07.15"]
[EventType "team-swiss"]
[EventRounds "9"]
[EventCountry "TUR"]
[SourceTitle "EXT 2025"]
[Source "ChessBase"]
[SourceDate "2024.10.14"]
[SourceVersion "1"]
[SourceVersionDate "2024.10.14"]
[SourceQuality "1"]
[WhiteTeam "Calli Spor"]
[BlackTeam "Denizli Ihtisas"]
[WhiteTeamCountry "TUR"]
[BlackTeamCountry "TUR"]

1. c4 e5 2. Nc3 Nc6 3. Nf3 g6 4. d4 exd4 5. Nd5 h6 6. Nxd4 Nf6 7. Nb5 Nxd5 8. cxd5 Bb4+ 9. Nc3 Ne5 10. Qd4 Bxc3+ 11. Qxc3 f6 12. Qg3 Kf7 13. f4 Nc4 14. e4 Nd6 15. Bd3 f5 16. e5 Ne8 17. Bd2 Rf8 18. Qh3 h5 19. Bc3 Kg7 20. 0-0-0 Kh6 21. g4 fxg4 22. Qe3 Ng7 23. f5+ Qg5 24. Qxg5+ Kxg5 25. Bd2+ 1-0

[Event "TUR-chT 2nd League"]
[Site "Denizli"]
[Date "2024.07.16"]
[Round "2.15"]
[White "Cekicoglu, Baris"]
[Black "Teksahin, Yigit Tuna"]
[Result "1-0"]
[WhiteElo "1843"]
[BlackElo "1670"]
[PlyCount "39"]
[EventDate "2024.07.15"]
[EventType "team-swiss"]
[EventRounds "9"]
[EventCountry "TUR"]
[SourceTitle "EXT 2025"]
[Source "ChessBase"]
[SourceDate "2024.10.14"]
[SourceVersion "1"]
[SourceVersionDate "2024.10.14"]
[SourceQuality "1"]
[WhiteTeam "Calli Spor"]
[BlackTeam "Karaman Masterler"]
[WhiteTeamCountry "TUR"]
[BlackTeamCountry "TUR"]

1. e4 c5 2. Nf3 e6 3. b3 Nc6 4. Bb2 d6 5. d4 cxd4 6. Nxd4 Nf6 7. e5 dxe5 8. Nxc6 bxc6 9. Qxd8+ Kxd8 10. Bxe5 Bb4+ 11. c3 Bc5 12. Be2 Ke7 13. Nd2 Rd8 14. Nc4 Ne4 15. f3 Nf2 16. b4 Bb6 17. Nxb6 Nxh1 18. Nxa8 Bb7 19. Nc7 f6 20. Bd4 1-0

[Event "TUR-chT 2nd League"]
[Site "Denizli"]
[Date "2023.07.13"]
[Round "7.104"]
[White "Cekicoglu, Baris"]
[Black "Kaymak, Ozan"]
[Result "1/2-1/2"]
[WhiteElo "1666"]
[BlackElo "1777"]
[PlyCount "81"]
[EventDate "2023.07.09"]
[EventType "team-swiss"]
[EventRounds "9"]
[EventCountry "TUR"]
[SourceTitle "CBM 215 Extra"]
[Source "ChessBase"]
[SourceDate "2023.09.30"]
[SourceVersion "1"]
[SourceVersionDate "2023.09.30"]
[SourceQuality "1"]
[WhiteTeam "Calli Spor"]
[BlackTeam "Denizli Ihtisas"]
[WhiteTeamCountry "TUR"]
[BlackTeamCountry "TUR"]

1. c4 c5 2. Nf3 Nc6 3. Nc3 g6 4. e3 Bg7 5. d4 cxd4 6. exd4 d6 7. Be3 Bg4 8. Be2 Nh6 9. Qd2 Nf5 10. Ng1 Bxe2 11. Ngxe2 Rc8 12. 0-0 Nxe3 13. fxe3 0-0 14. Rac1 a6 15. Rb1 h5 16. b4 e6 17. Qd3 Qc7 18. Rfc1 Ne7 19. Ne4 Nf5 20. N2g3 d5 21. cxd5 Qxc1+ 22. Rxc1 Rxc1+ 23. Kf2 Nxg3 24. Kxg3 exd5 25. Nc3 Rd8 26. Kf2 Rc8 27. Nxd5 R8c2+ 28. Kg3 Rxa2 29. Qe4 Rcc2 30. Qe8+ Bf8 31. Nf4 Kg7 32. Qe5+ Kg8 33. Kh4 Bh6 34. Qe8+ Kg7 35. Qe5+ Kh7 36. Qe7 g5+ 37. Kxh5 gxf4 38. Qxf7+ Bg7 39. Qg6+ Kg8 40. Qe8+ Kh7 41. Qg6+ 1/2-1/2

[Event "TUR-chT 2nd League"]
[Site "Denizli"]
[Date "2023.07.09"]
[Round "1.144"]
[White "Bedel, Sercan Sahin"]
[Black "Cekicoglu, Baris"]
[Result "0-1"]
[WhiteElo "1781"]
[BlackElo "1666"]
[PlyCount "68"]
[EventDate "2023.07.09"]
[EventType "team-swiss"]
[EventRounds "9"]
[EventCountry "TUR"]
[SourceTitle "CBM 215 Extra"]
[Source "ChessBase"]
[SourceDate "2023.09.30"]
[SourceVersion "1"]
[SourceVersionDate "2023.09.30"]
[SourceQuality "1"]
[WhiteTeam "Altinkale Kultur"]
[BlackTeam "Calli Spor"]
[WhiteTeamCountry "TUR"]
[BlackTeamCountry "TUR"]

1. Nf3 Nf6 2. d3 d5 3. Bf4 c5 4. Nbd2 g6 5. c3 Nc6 6. e4 Bg7 7. Be2 0-0 8. 0-0 Nh5 9. Be3 d4 10. cxd4 cxd4 11. Bg5 h6 12. Bh4 f5 13. Qb3+ Kh8 14. exf5 Bxf5 15. Qxb7 Nf4 16. Rfe1 Na5 17. Qa6 g5 18. Bxg5 hxg5 19. b4 Bf6 20. bxa5 g4 21. Nh4 Bc8 22. Qc6 Bd7 23. Qc5 Rc8 24. Qxa7 Bxh4 25. Qxd4+ Kg8 26. Ne4 Rc2 27. Qe3 Qxa5 28. g3 Rxa2 29. Rac1 Nh3+ 30. Kh1 Bg5 31. Nxg5 Nxg5 32. Bf1 Rfxf2 33. Rc5 Qa8+ 34. Kg1 Rg2+ 0-1